[Event "43rd OKU 2016"]
[Site "Utrecht NED"]
[Date "2016.06.04"]
[Round "4.3"]
[White "Van Foreest, Lucas"]
[Black "Schouten, Jordy"]
[Result "0-1"]
[WhiteElo "2375"]
[BlackElo "2037"]
[WhiteFideId "1039792"]
[BlackFideId "1040090"]
[EventDate "2016.06.03"]

1. e4 c5 2. Nf3 Nc6 3. Bb5 Nd4 4. Nxd4 cxd4 5. c3 a6 6. Ba4 dxc3 7. bxc3 e6 8.
d4 b5 9. Bc2 Bb7 10. O-O Nf6 11. Nd2 Be7 12. Re1 O-O 13. Rb1 Qc7 14. Rb3 d6 15.
f4 e5 16. g4 Nd7 17. g5 f6 18. g6 hxg6 19. Qg4 Kf7 20. Rb1 Ke8 21. Qxg6+ Kd8 22.
c4 bxc4 23. Ba3 exd4 24. Nf3 d3 25. Ba4 Nc5 26. Nd4 Qa5 27. Bc6 Qxa3 28. Bxb7 d2
29. Rf1 Qe3+ 30. Kh1 Qxd4 31. Bxa8 c3 32. e5 d5 33. Qxg7 Qe4+ 34. Kg1 c2 35.
Rb8+ Kd7 36. Rxf8 d1=Q 37. Re1 Qdxe1# 0-1

[Event "43rd OKU 2016"]
[Site "Utrecht NED"]
[Date "2016.06.04"]
[Round "4.4"]
[White "Schoehuijs, Erik"]
[Black "Ijzermans, Cees"]
[Result "1/2-1/2"]
[WhiteElo "2151"]
[BlackElo "2081"]
[WhiteFideId "1004425"]
[BlackFideId "1027425"]
[EventDate "2016.06.03"]

1. d4 Nf6 2. c4 g6 3. Nc3 d5 4. cxd5 Nxd5 5. e4 Nxc3 6. bxc3 c5 7. Nf3 Bg7 8.
Rb1 O-O 9. Be2 Qa5 10. Rb5 Qxc3+ 11. Bd2 Qa3 12. Rxc5 Nc6 13. Rc4 Qxa2 14. O-O
Bg4 15. Bc3 Bxf3 16. gxf3 Qa3 17. e5 e6 18. f4 Rfd8 19. Bf3 Qa6 20. Qb3 Na5 21.
Bxa5 Qxa5 22. Ra4 Qc7 23. Rd1 b5 24. Qxb5 Rab8 25. Qa5 Qxa5 26. Rxa5 Rb4 27. d5
Rxf4 28. dxe6 Rxd1+ 29. Bxd1 fxe6 30. Bb3 Re4 31. Bxe6+ Kf8 32. Rxa7 Rxe5 33.
Rf7+ Kg8 34. Bb3 Kh8 35. Rb7 1/2-1/2

[Event "43rd OKU 2016"]
[Site "Utrecht NED"]
[Date "2016.06.04"]
[Round "4.5"]
[White "De Boer, Eelke"]
[Black "Van der Tuuk, Jaap"]
[Result "1/2-1/2"]
[WhiteElo "2168"]
[BlackElo "2160"]
[WhiteFideId "1048120"]
[BlackFideId "1018868"]
[EventDate "2016.06.03"]

1. e4 e6 2. d4 d5 3. Nc3 Bb4 4. e5 c5 5. a3 Bxc3+ 6. bxc3 Qc7 7. Qg4 f5 8. Qg3
Ne7 9. Bd2 Nbc6 10. Nf3 Bd7 11. Bd3 O-O-O 12. O-O c4 13. Be2 Rdg8 14. Ng5 Nd8
15. f4 h6 16. Nf3 Ba4 17. Ra2 Nf7 18. Rb1 g6 19. h4 Qd7 20. Qe1 Kb8 21. g3 Nc8 1/2-1/2

[Event "43rd OKU 2016"]
[Site "Utrecht NED"]
[Date "2016.06.04"]
[Round "4.6"]
[White "Ootes, Lars"]
[Black "Porte, Henrik"]
[Result "1-0"]
[WhiteTitle "IM"]
[WhiteElo "2422"]
[BlackElo "2132"]
[WhiteFideId "1019708"]
[BlackFideId "1016326"]
[EventDate "2016.06.03"]

1. e4 c6 2. d3 d5 3. Nd2 e5 4. Ngf3 Bd6 5. d4 exd4 6. Bd3 Bg4 7. O-O Nd7 8. Re1
Ne7 9. exd5 cxd5 10. Nb3 a6 11. Nbxd4 Ne5 12. Be2 Nxf3+ 13. Bxf3 Bxf3 14. Qxf3
O-O 15. Bg5 Qc7 16. g3 Rfe8 17. c3 Qb6 18. Re2 Nc6 19. Nf5 Bf8 20. Rae1 Rxe2 21.
Rxe2 d4 22. Qg4 h5 23. Qxh5 dxc3 24. Bf6 gxf6 25. Re4 Ne5 26. Rh4 Bg7 27. Qh7+
Kf8 28. Qh8+ Bxh8 29. Rxh8# 1-0

[Event "43rd OKU 2016"]
[Site "Utrecht NED"]
[Date "2016.06.04"]
[Round "4.7"]
[White "Van Overdam, Julian"]
[Black "De Boer, Bas"]
[Result "1-0"]
[WhiteElo "2351"]
[BlackElo "1889"]
[WhiteFideId "1015303"]
[BlackFideId "1050729"]
[EventDate "2016.06.03"]

1. e4 c5 2. Nc3 Nc6 3. Bb5 Nd4 4. Bc4 e6 5. Nge2 Nf6 6. O-O d5 7. exd5 exd5 8.
Nxd5 Nxd5 9. Nxd4 Be7 10. Qf3 Nf6 11. Nf5 O-O 12. Nxe7+ Qxe7 13. d3 Bg4 14. Qg3
Qd7 15. h3 Bf5 16. a4 a6 17. a5 Rfe8 18. Be3 Rac8 19. Rfe1 Nd5 20. Bh6 Bg6 21.
Bd2 Nb4 22. Bxb4 cxb4 23. Qf4 Rxe1+ 24. Rxe1 Qa4 25. Qe5 h6 26. Bb3 Qc6 27. Re2
b6 28. f4 bxa5 29. f5 Bh7 30. Qxa5 Qf6 31. Qxb4 Bxf5 32. Qe7 Qd4+ 33. Kh1 Bg6
34. Qe5 Qb4 35. Qg3 Kh7 36. Qf3 Qd6 37. Bxf7 Bxf7 38. Qf5+ Bg6 39. Qxc8 Qf4 40.
Re1 Bf5 41. Qc5 Bxh3 42. Qe3 1-0

[Event "43rd OKU 2016"]
[Site "Utrecht NED"]
[Date "2016.06.04"]
[Round "4.8"]
[White "Sekandar, Kambiz"]
[Black "Van de Fliert, Willem"]
[Result "1/2-1/2"]
[WhiteElo "2129"]
[BlackElo "2165"]
[WhiteFideId "11700939"]
[BlackFideId "1006800"]
[EventDate "2016.06.03"]

1. e4 c5 2. c3 e6 3. d4 cxd4 4. cxd4 d5 5. e5 Nc6 6. Nf3 Nge7 7. a3 Nf5 8. b4
Bd7 9. Bb2 b5 10. Bd3 a5 11. bxa5 Qxa5+ 12. Bc3 Qb6 13. Bxf5 exf5 14. O-O Be7
15. Nbd2 O-O 16. Qb3 Rfb8 17. Rfb1 Ra4 18. Nf1 Be6 19. Ne3 Qd8 20. Nc2 f4 21.
Bb4 Nxb4 22. axb4 Rba8 23. Nfe1 Bf5 24. Rc1 g5 25. Rab1 Rc8 26. Ra1 Rca8 27. Qc3
Rc8 28. Qb3 Rca8 1/2-1/2

[Event "43rd OKU 2016"]
[Site "Utrecht NED"]
[Date "2016.06.05"]
[Round "5.1"]
[White "Ernst, Sipke"]
[Black "Van Foreest, Jorden"]
[Result "1-0"]
[WhiteTitle "GM"]
[BlackTitle "GM"]
[WhiteElo "2535"]
[BlackElo "2578"]
[WhiteFideId "1004689"]
[BlackFideId "1039784"]
[EventDate "2016.06.03"]

1. d4 Nf6 2. c4 g6 3. Nc3 Bg7 4. Nf3 O-O 5. e3 d6 6. Be2 Nbd7 7. Qc2 c6 8. O-O
e5 9. Rd1 Qc7 10. b3 Re8 11. Ba3 exd4 12. Nxd4 Nc5 13. Bf3 Bg4 14. Rac1 Rad8 15.
h3 Bxf3 16. Nxf3 a5 17. Bxc5 dxc5 18. Rxd8 Rxd8 19. Ne4 Nxe4 20. Qxe4 b5 21. Qc2
b4 22. Rd1 Ra8 23. Qd3 a4 24. Qd6 Qxd6 25. Rxd6 axb3 26. axb3 Ra1+ 27. Kh2 Ra2
28. Rd2 Ra3 29. Rd8+ Bf8 30. Ne5 Kg7 31. Rd3 Be7 32. f4 h5 33. g4 Bf6 34. Nd7
Ra2+ 35. Kg1 Ra1+ 36. Kg2 Ra2+ 37. Kf3 Bh4 38. g5 Rh2 39. Nxc5 Rxh3+ 40. Kg2
Rg3+ 41. Kh2 Rf3 42. Ne4 Rf1 43. Rd8 f5 44. gxf6+ Kf7 45. Rd7+ Kg8 46. Rd8+ Kf7
47. Rd7+ Ke8 48. Re7+ Kd8 49. Re6 Rf3 50. Nc5 Rf1 51. Nb7+ Kd7 52. Nc5+ Kd8 53.
Nb7+ Kd7 54. Re7+ Kc8 55. Re8+ Kd7 56. f7 Be7 57. f8=Q Bxf8 58. Rxf8 Rf3 59. Rf6
Rxe3 60. Nc5+ Kc7 61. Na6+ Kb6 62. Nxb4 Kc5 63. Nxc6 Rxb3 64. Ne5 Kd4 65. Nxg6
Kxc4 66. Rd6 Kc5 67. Rd2 Ra3 68. Kg2 Kc6 69. Ne5+ Kc7 70. Rd7+ Kc8 71. Rh7 Ra4
72. Kf3 1-0

[Event "43rd OKU 2016"]
[Site "Utrecht NED"]
[Date "2016.06.05"]
[Round "5.2"]
[White "Horvath, Csaba"]
[Black "Peng, Zhaoqin"]
[Result "1-0"]
[WhiteTitle "GM"]
[BlackTitle "GM"]
[WhiteElo "2522"]
[BlackElo "2379"]
[WhiteFideId "700118"]
[BlackFideId "1004786"]
[EventDate "2016.06.03"]

1. Nf3 d5 2. e3 c5 3. c4 d4 4. exd4 cxd4 5. g3 Nc6 6. d3 e5 7. Bg2 Bb4+ 8. Nbd2
a5 9. O-O Nge7 10. Re1 f6 11. a3 Bd6 12. Ne4 Bc7 13. Bd2 f5 14. Nc5 b6 15. Na4
O-O 16. b4 e4 17. dxe4 fxe4 18. Rxe4 Bf5 19. Ng5 axb4 20. axb4 Qd7 21. b5 Ne5
22. Nxb6 Rxa1 23. Qxa1 Bxb6 24. Rxe5 h6 25. Bb4 hxg5 26. Rxe7 Qd8 27. Bd5+ Kh7
28. Qe1 Rf6 29. Qe5 1-0

[Event "43rd OKU 2016"]
[Site "Utrecht NED"]
[Date "2016.06.05"]
[Round "5.3"]
[White "Schouten, Jordy"]
[Black "Tikranian, Alik"]
[Result "1/2-1/2"]
[WhiteElo "2037"]
[BlackElo "2120"]
[WhiteFideId "1040090"]
[BlackFideId "1040952"]
[EventDate "2016.06.03"]

1. e4 e5 2. Nf3 Nc6 3. d4 exd4 4. Bc4 Nf6 5. e5 d5 6. Bb5 Ne4 7. Nxd4 Bd7 8.
Bxc6 bxc6 9. O-O Be7 10. f3 Nc5 11. Nc3 O-O 12. Qe2 Ne6 13. Nxe6 fxe6 14. f4 Rb8
15. b3 Bb4 16. Bd2 Qe7 17. Nd1 Qc5+ 18. Ne3 Be8 19. Kh1 Bxd2 20. Qxd2 Rb4 21. c4
Bg6 22. Rac1 d4 23. Nc2 Bxc2 24. Qxc2 a5 25. Rf3 Rd8 26. Rd1 Qe7 27. Qe4 c5 28.
Rdd3 Rb6 29. Rh3 1/2-1/2

[Event "43rd OKU 2016"]
[Site "Utrecht NED"]
[Date "2016.06.05"]
[Round "5.4"]
[White "De Graaf, Dick"]
[Black "Ootes, Lars"]
[Result "0-1"]
[BlackTitle "IM"]
[WhiteElo "2195"]
[BlackElo "2422"]
[WhiteFideId "1005677"]
[BlackFideId "1019708"]
[EventDate "2016.06.03"]

1. e4 d6 2. d4 Nf6 3. Nc3 g6 4. Be2 Bg7 5. h3 a6 6. a4 b6 7. Bf3 Ra7 8. Be3 c6
9. Nge2 O-O 10. Qd2 Rd7 11. Bh6 e5 12. dxe5 dxe5 13. Qe3 a5 14. h4 Na6 15. h5
Nc5 16. Bxg7 Kxg7 17. Qg5 Re8 18. hxg6 fxg6 19. Qh6+ Kg8 20. g4 Rf7 21. Rg1 Nfd7
22. Rg3 Nf8 23. Rd1 Qe7 24. Bg2 Nfe6 25. g5 Ba6 26. Bh3 Bxe2 27. Bxe6 Qxe6 28.
Kxe2 Qc4+ 29. Ke3 Ne6 30. Qh2 Ref8 31. Rd2 Qc5+ 0-1

[Event "43rd OKU 2016"]
[Site "Utrecht NED"]
[Date "2016.06.05"]
[Round "5.5"]
[White "Ijzermans, Cees"]
[Black "Beerdsen, Thomas"]
[Result "0-1"]
[BlackTitle "FM"]
[WhiteElo "2081"]
[BlackElo "2396"]
[WhiteFideId "1027425"]
[BlackFideId "1030108"]
[EventDate "2016.06.03"]

1. Nf3 Nf6 2. c4 c5 3. g3 Nc6 4. Bg2 d5 5. cxd5 Nxd5 6. Nc3 Nc7 7. O-O e5 8. d3
Be7 9. Be3 Ne6 10. Rc1 f6 11. Na4 Qa5 12. Nd2 Bd7 13. Nc4 Qa6 14. Nc3 O-O 15.
Nd5 Bd8 16. a3 Ncd4 17. Nd2 Ba4 18. b3 Bc6 19. Bxd4 Nxd4 20. Rxc5 Qxa3 21. b4 a5
22. e3 Ne6 23. Nc4 Qa4 24. Qxa4 Bxa4 25. Ndb6 Nxc5 26. bxc5 Bxb6 27. Bd5+ Kh8
28. Nxb6 Bc6 29. Bxc6 bxc6 30. Nxa8 Rxa8 31. f4 Kg8 32. fxe5 fxe5 33. d4 exd4
34. exd4 a4 35. d5 cxd5 36. c6 Rc8 37. Ra1 Rxc6 38. Rxa4 Rc1+ 39. Kg2 Rc2+ 40.
Kh3 h5 41. Rd4 Rc5 42. g4 hxg4+ 43. Kxg4 Rc2 44. Kg3 Rc5 45. Kf4 Kf7 46. Ke5 Kg6
47. Rxd5 Rc2 48. Rd6+ Kg5 49. Rd7 Re2+ 50. Kd5 Kf6 51. Rd6+ Kf5 52. Rd7 g5 53.
Rh7 Rd2+ 54. Kc4 Kf4 55. Kc3 Rd8 56. Rh6 Ke3 57. Re6+ Kf3 58. Rg6 g4 59. Rh6 Ke3
60. Re6+ Kf4 61. Rh6 Rd1 62. Rh7 Rg1 63. Kd2 Kf3 64. Rh6 Rg2+ 65. Ke1 Ra2 66.
Rh4 Ra1+ 67. Kd2 Rh1 68. Kd3 Rd1+ 69. Kc2 Rg1 70. Kd2 Rg2+ 71. Kd3 Kf4 72. Rh7
Ra2 73. Rh8 Kf3 74. Rf8+ Kg2 75. Rh8 Ra3+ 76. Ke4 Rh3 77. Rg8 Rh4 78. Kf5 Kf3
79. Rb8 Rh5+ 80. Kg6 Rxh2 81. Rb3+ Kf2 82. Kg5 g3 83. Kg4 g2 84. Rb2+ Ke3 85.
Rb3+ Kd2 86. Rg3 Ke2 87. Kf4 Kf1 88. Rf3+ Kg1 89. Rb3 Kh1 0-1

[Event "43rd OKU 2016"]
[Site "Utrecht NED"]
[Date "2016.06.05"]
[Round "5.6"]
[White "De Boer, Eelke"]
[Black "Van Overdam, Julian"]
[Result "0-1"]
[WhiteElo "2168"]
[BlackElo "2351"]
[WhiteFideId "1048120"]
[BlackFideId "1015303"]
[EventDate "2016.06.03"]

1. e4 c5 2. Nf3 e6 3. d4 cxd4 4. Nxd4 Nf6 5. Nc3 d6 6. Be2 Nc6 7. Be3 Be7 8. O-O
O-O 9. f4 e5 10. Nb3 exf4 11. Bxf4 Be6 12. Qe1 d5 13. exd5 Nxd5 14. Nxd5 Bxd5
15. Qg3 Bh4 16. Qd3 Re8 17. Bf3 Nb4 18. Qd2 Qb6+ 19. Qd4 Bxf3 20. Rxf3 Nxc2 21.
Qxb6 axb6 22. Rc1 Nb4 23. Bd2 Nc6 24. a3 Bf6 25. Bc3 Bxc3 26. Rcxc3 Rad8 27.
Rcd3 Ne5 28. Rxd8 Nxf3+ 0-1

[Event "43rd OKU 2016"]
[Site "Utrecht NED"]
[Date "2016.06.05"]
[Round "5.7"]
[White "Schoppen, Casper"]
[Black "Schoehuijs, Erik"]
[Result "1-0"]
[WhiteElo "2298"]
[BlackElo "2151"]
[WhiteFideId "1046730"]
[BlackFideId "1004425"]
[EventDate "2016.06.03"]

1. e4 e5 2. Nf3 Nc6 3. Bb5 Nf6 4. O-O Nxe4 5. d4 Be7 6. Qe2 Nd6 7. Bxc6 bxc6 8.
dxe5 Nb7 9. Nc3 O-O 10. Rd1 Re8 11. Ne4 d5 12. Ng3 c5 13. c4 c6 14. Be3 Be6 15.
Rac1 Qa5 16. b3 h6 17. h3 Red8 18. Qc2 Rd7 19. Nh5 dxc4 20. Rxd7 Bxd7 21. bxc4
Nd8 22. Rd1 Bc8 23. Nd2 Ne6 24. Nb3 Qa3 25. Ng3 a5 26. Ne4 Ba6 27. Rd7 Bf8 28.
Qe2 Bc8 29. Rd3 Qb4 30. Nbd2 a4 31. Qh5 Ra7 32. Bxh6 gxh6 33. Nf6+ Kh8 34. Rg3
Bg7 35. Qxh6+ Bxh6 36. Rg8# 1-0

[Event "43rd OKU 2016"]
[Site "Utrecht NED"]
[Date "2016.06.05"]
[Round "5.8"]
[White "Vrolijk, Liam"]
[Black "Van Foreest, Lucas"]
[Result "1/2-1/2"]
[WhiteElo "2213"]
[BlackElo "2375"]
[WhiteFideId "1048333"]
[BlackFideId "1039792"]
[EventDate "2016.06.03"]

1. d4 Nf6 2. c4 e6 3. Nf3 b6 4. g3 Bb7 5. Bg2 Be7 6. O-O O-O 7. d5 exd5 8. Nh4
c6 9. cxd5 Nxd5 10. Nf5 Nc7 11. e4 d5 12. Nc3 Nba6 13. exd5 cxd5 14. Bf4 Bf6 15.
Nd6 Bc6 16. Nxd5 Nxd5 17. Bxd5 Bxd5 18. Qxd5 Nc7 19. Qc6 Ne6 20. Rad1 Nxf4 21.
gxf4 Bxb2 22. Nc4 Qf6 23. Rd6 Qc3 24. Rfd1 g6 25. Qb5 Bc1 26. R6d4 Rac8 27. Qb3
Qxb3 28. axb3 b5 29. Rxc1 bxc4 30. Rcxc4 Rxc4 31. Rxc4 Rb8 32. b4 Rb5 33. Kg2 a5
34. bxa5 Rxa5 35. Kg3 Ra3+ 36. f3 Kg7 37. Rc6 Ra5 38. Rb6 Rc5 39. Ra6 Rb5 40.
Rc6 Ra5 41. Rb6 Rd5 42. Ra6 Rf5 43. Rb6 Rh5 44. Ra6 h6 45. Rb6 Ra5 46. Rc6 Rb5
47. Ra6 Rc5 1/2-1/2

[Event "43rd OKU 2016"]
[Site "Utrecht NED"]
[Date "2016.06.05"]
[Round "6.2"]
[White "Van Foreest, Jorden"]
[Black "Tikranian, Alik"]
[Result "1-0"]
[WhiteTitle "GM"]
[WhiteElo "2578"]
[BlackElo "2120"]
[WhiteFideId "1039784"]
[BlackFideId "1040952"]
[EventDate "2016.06.03"]

1. e4 e5 2. f4 d5 3. exd5 exf4 4. Nf3 Nf6 5. Bb5+ c6 6. dxc6 bxc6 7. Bc4 Bd6 8.
O-O O-O 9. Nc3 Bg4 10. d4 Nbd7 11. Kh1 Nb6 12. Bb3 h6 13. Qd3 Re8 14. Ne5 Bxe5
15. dxe5 Qxd3 16. cxd3 Rxe5 17. Bxf4 Rh5 18. Kg1 Nbd5 19. h3 Be6 20. Ne2 Re8 21.
Bd2 Re5 22. Nd4 Bd7 23. Rac1 Ne3 24. Rf2 Nf5 25. Nxf5 Rxf5 26. Rxf5 Bxf5 27.
Rxc6 Bxd3 28. Rc7 Re2 29. Rxf7 Rxd2 30. Rxf6+ Kh7 31. Rd6 g6 32. Kh2 1-0

[Event "43rd OKU 2016"]
[Site "Utrecht NED"]
[Date "2016.06.05"]
[Round "6.3"]
[White "Ootes, Lars"]
[Black "Schouten, Jordy"]
[Result "0-1"]
[WhiteTitle "IM"]
[WhiteElo "2422"]
[BlackElo "2037"]
[WhiteFideId "1019708"]
[BlackFideId "1040090"]
[EventDate "2016.06.03"]

1. e4 c5 2. Nf3 Nc6 3. d4 cxd4 4. Nxd4 e5 5. Nb5 a6 6. Nd6+ Bxd6 7. Qxd6 Qe7 8.
Qd1 Nf6 9. Nc3 h6 10. g4 d5 11. g5 Nxe4 12. Nxd5 Qd8 13. gxh6 gxh6 14. Bg2 Bf5
15. c3 Rg8 16. Bf3 Qh4 17. Be3 O-O-O 18. Qb3 Qh3 19. Be2 Bg4 20. Bxa6 bxa6 21.
Qb6 Kd7 22. Qc7+ Ke6 23. Qxc6+ Nd6 24. Rg1 Rc8 25. Nc7+ Rxc7 26. Qxc7 Qf3 27.
Rxg4 Rxg4 28. Kd2 Nc4+ 29. Kc2 Qe2+ 30. Kb3 Qxb2+ 0-1

[Event "43rd OKU 2016"]
[Site "Utrecht NED"]
[Date "2016.06.05"]
[Round "6.4"]
[White "Van Overdam, Julian"]
[Black "Beerdsen, Thomas"]
[Result "1/2-1/2"]
[BlackTitle "FM"]
[WhiteElo "2351"]
[BlackElo "2396"]
[WhiteFideId "1015303"]
[BlackFideId "1030108"]
[EventDate "2016.06.03"]

1. e4 c5 2. Nc3 g6 3. f4 Bg7 4. Nf3 Nc6 5. Bb5 Nd4 6. O-O Nxb5 7. Nxb5 d6 8. d3
Nf6 9. Nc3 O-O 10. Qe1 e5 11. fxe5 dxe5 12. Bg5 h6 13. Be3 Qd6 14. Qh4 Nh5 15.
Nd5 Be6 16. g4 Bxd5 17. gxh5 Bc6 18. hxg6 f5 19. exf5 Rxf5 20. Nd2 Raf8 21. Ne4
Qxg6+ 22. Qg3 Qh5 23. Rxf5 Rxf5 24. Qg2 c4 25. Kh1 Kh7 26. b4 a6 27. Rg1 Rf7 28.
h3 Qf3 29. Qxf3 Rxf3 30. Re1 Rxh3+ 31. Kg2 Rh4 32. Kg3 Rh5 33. Rf1 cxd3 34. cxd3
Kg6 35. Nd6 Bf6 36. Ne4 Bh4+ 37. Kg2 Be7 38. a3 Rh4 39. Kf3 Rh3+ 40. Ke2 Bxe4
41. dxe4 Bg5 42. Bxg5 hxg5 43. Rf5 Rxa3 44. Rxe5 b5 45. Re6+ Kf7 46. Rc6 Ke7 47.
Rg6 Ra4 48. Ke3 Kd7 49. e5 Rxb4 50. Rxa6 Rc4 51. Rb6 b4 52. Kd3 Rf4 53. Rg6 Rg4
54. Rb6 b3 55. Kc3 Re4 56. Kxb3 Rxe5 57. Kc3 Rd5 58. Kc4 Rd1 59. Rg6 Rg1 60. Kd4
Ke7 61. Ke3 Kf7 62. Ra6 Rg3+ 63. Kf2 Rb3 64. Kg2 Re3 65. Kf2 Re6 66. Rxe6 1/2-1/2

[Event "43rd OKU 2016"]
[Site "Utrecht NED"]
[Date "2016.06.05"]
[Round "6.5"]
[White "Peng, Zhaoqin"]
[Black "Konings, Frans"]
[Result "1-0"]
[WhiteTitle "GM"]
[BlackTitle "FM"]
[WhiteElo "2379"]
[BlackElo "2250"]
[WhiteFideId "1004786"]
[BlackFideId "1005421"]
[EventDate "2016.06.03"]

1. d4 d5 2. Nf3 Nf6 3. c4 e6 4. Nc3 Be7 5. Bg5 O-O 6. e3 h6 7. Bh4 Nbd7 8. Rc1
c6 9. a3 b6 10. Bd3 Bb7 11. O-O c5 12. cxd5 Nxd5 13. Bg3 Nxc3 14. bxc3 c4 15.
Bxc4 Bxa3 16. Rb1 Be7 17. Bd3 Nf6 18. Nd2 Nd5 19. Qb3 Rc8 20. Rfc1 Qd7 21. Ra1
Ra8 22. Bb5 Bc6 23. Bxc6 Qxc6 24. c4 Nf6 25. Ra6 Rfd8 26. Rca1 Rd7 27. h3 Ne4
28. Nxe4 Qxe4 29. Qb5 Rb7 30. R1a2 Bd8 31. d5 exd5 32. Qc6 Qe7 33. cxd5 Qd7 34.
e4 Kh7 35. Bf4 b5 36. Rb2 Bb6 37. Qxd7 Rxd7 38. Rxb5 Re8 39. Ra4 f6 40. g4 g5
41. Bd2 Kg6 42. Kg2 h5 43. Ba5 Bxa5 44. Rbxa5 Rde7 45. Kf3 Rb8 46. Rxa7 Rb3+ 47.
Kg2 Rxa7 48. Rxa7 h4 49. Re7 Rd3 50. f3 Rd1 51. Kf2 Rd4 52. Ke2 Kh6 53. Ke3 Rd1
54. Ke2 Rd4 55. Ra7 Kg6 56. Rb7 Kh6 57. Ke3 Rd1 58. Rb2 Kg6 1-0

[Event "43rd OKU 2016"]
[Site "Utrecht NED"]
[Date "2016.06.05"]
[Round "6.6"]
[White "Van de Fliert, Willem"]
[Black "Ondersteijn, Niels"]
[Result "1-0"]
[BlackTitle "FM"]
[WhiteElo "2165"]
[BlackElo "2391"]
[WhiteFideId "1006800"]
[BlackFideId "1011162"]
[EventDate "2016.06.03"]

1. e4 e5 2. Nf3 d6 3. d4 exd4 4. Nxd4 Nf6 5. Nc3 Be7 6. g3 d5 7. e5 Ng4 8. e6
Nf6 9. exf7+ Kxf7 10. Bg2 Re8 11. O-O c6 12. Bf4 Na6 13. a3 Bg4 14. Nf3 Bd6 15.
Qd4 Bxf3 16. Bxf3 Bxf4 17. Qxf4 Qc7 18. Qxc7+ Nxc7 19. Rad1 Rad8 20. Ne2 Nd7 21.
Kg2 Ne5 22. b3 Rd6 23. Bh5+ g6 24. f4 Nd7 25. Bf3 Nf6 26. Nc1 Nb5 27. a4 Nc3 28.
Rde1 Rxe1 29. Rxe1 Re6 30. Rxe6 Kxe6 31. Nd3 b6 32. Kf2 Kd6 33. Ke3 c5 34. Nf2
a6 35. Kd3 d4 36. Bb7 Nfd5 37. Bxd5 Kxd5 38. Ng4 Ne4 39. c4+ dxc3 40. Ne3+ Ke6
41. Kxe4 b5 42. axb5 axb5 43. g4 b4 44. Kd3 Kd6 45. Kc4 Kc6 46. f5 gxf5 47. gxf5
Kd6 48. Kb5 h5 49. h4 1-0

[Event "43rd OKU 2016"]
[Site "Utrecht NED"]
[Date "2016.06.05"]
[Round "6.7"]
[White "Sekandar, Kambiz"]
[Black "Schoppen, Casper"]
[Result "0-1"]
[WhiteElo "2129"]
[BlackElo "2298"]
[WhiteFideId "11700939"]
[BlackFideId "1046730"]
[EventDate "2016.06.03"]

1. e4 e5 2. Nf3 Nc6 3. Bc4 Nf6 4. d3 Bc5 5. c3 d6 6. Bb3 a6 7. Nbd2 Ba7 8. Nf1
Ne7 9. Ng3 Ng6 10. O-O O-O 11. Be3 h6 12. h3 Re8 13. Qd2 Bxe3 14. fxe3 Be6 15.
Bxe6 Rxe6 16. Nf5 d5 17. exd5 Qxd5 18. e4 Qc5+ 19. Qf2 Qb5 20. Rad1 Rd8 21. c4
Qb6 22. Rd2 Qxf2+ 23. Kxf2 Ne7 24. g4 Ng6 25. Ke3 Rde8 26. Rg1 h5 27. gxh5 Nxh5
28. h4 Ngf4 29. Ng3 Nxg3 30. Rxg3 f6 31. Rg1 c5 32. Ne1 Rd6 33. Nc2 Red8 34.
Rgd1 Kh7 35. b4 b6 36. d4 cxd4+ 37. Nxd4 Rxd4 38. Rxd4 Ng2+ 39. Kf2 exd4 40.
Kxg2 d3 41. Kf3 Rd4 42. c5 bxc5 43. bxc5 d2 44. Ke3 Rc4 45. Rxd2 Rxc5 46. Kf4
Ra5 47. Kg4 Kg6 48. Kf4 Ra4 49. Rg2+ Kh6 50. Rc2 Kh5 51. Rc8 Rxa2 52. Rh8+ Kg6
53. h5+ Kf7 54. Ra8 Ra5 55. Ra7+ Kg8 56. h6 gxh6 57. Kg4 Rg5+ 58. Kf4 a5 59. Rb7
h5 60. Rb8+ Kg7 61. Rb7+ Kg6 62. Rb8 Re5 63. Rh8 Kg7 64. Ra8 h4 65. Rb8 Rg5 66.
e5 Rxe5 67. Kg4 a4 68. Ra8 Re4+ 69. Kh5 h3 70. Ra7+ Kf8 71. Kg6 h2 72. Rh7 Re2
73. Kxf6 Kg8 74. Rh3 a3 75. Rg3+ Kf8 76. Rxa3 h1=Q 0-1

[Event "43rd OKU 2016"]
[Site "Utrecht NED"]
[Date "2016.06.05"]
[Round "6.8"]
[White "Balje, Jan"]
[Black "Smits, Mark"]
[Result "0-1"]
[BlackTitle "FM"]
[WhiteElo "2219"]
[BlackElo "2221"]
[WhiteFideId "1004085"]
[BlackFideId "1008110"]
[EventDate "2016.06.03"]

1. d4 Nf6 2. c4 g6 3. Nf3 Bg7 4. g3 O-O 5. Bg2 d6 6. O-O c6 7. Nc3 Qa5 8. e4 Bg4
9. h3 Bxf3 10. Bxf3 Nfd7 11. Be3 a6 12. Qd2 c5 13. dxc5 dxc5 14. Nd5 Qd8 15.
Rfd1 e6 16. Nc3 Qa5 17. Be2 Rd8 18. Bg5 Rc8 19. Rab1 Bd4 20. Be3 Nc6 21. f4 Rd8
22. Bd3 Nb6 23. Bxd4 Rxd4 24. Qe2 Rad8 25. a3 Na4 26. Na2 b5 27. b4 Qb6 28. Kg2
cxb4 29. axb4 Qb7 30. cxb5 axb5 31. Kh2 Qd7 32. Bc2 Rd2 33. Rxd2 Qxd2 34. Re1
Nb2 35. Kh1 Nc4 36. Bd1 Rd3 37. Qxd2 Nxd2 38. Be2 Re3 39. Kg2 Nd4 40. Kf2 Ra3
41. Nc1 Nxe4+ 0-1